000 01184nam0a22003371 4500
001 RU\NLR\A1SV\74058
005 20251203171251.9
035 _a(NLR Aleph) 009755569
090 _a9997991
_c9997991
100 _a20061122d1918 u y0rusy50 ca
101 1 _arus
_ceng
102 _aRU
200 1 _aКрашение и отделка кож хромового дубления
_fПер. с англ. 22 гл. кн. M.C.Lamb. Leather dressing проф. М.П.Дукельского, с предисл. ред. комис.
210 _aМ.
_cГлав. ком. по кожев. делам
_d1918
215 _a[4], 16 с.
_d26 см
225 _aСб. ст. по хромовому дублению кож
_vВып.8
620 _dМосква
700 1 _6z01790
_aЛамб
_bМ.Ч.
_gМорис Чарльз
702 1 _aДукельский
_bМ.П.
_f1875-1956
_gМарк Петрович
790 1 _6z01700
_aLamb
_bM.C.
801 0 _aRU
_bNLR
_c20061122
899 _aРНБ
_j37.60.5.111
899 _aИОНБ
899 _aНБ РК
899 _aРГБ
899 _aНБ Бел.
942 _cBOOK
980 _aNB
980 _aA1SV
980 _aA1SV